Biblioteca y Centro de Documentación

Diccionario geográfico de Agostini (Registro nro. 6227)

Detalles MARC
000 -CABECERA
Longitud fija campo de control 01107nam a2200301 c 4500
001 - NÚMERO DE CONTROL
Número de control 6227
003 - IDENTIFICADOR DE NÚMERO DE CONTROL
Identificador del número de control ES-MaCES
005 - FECHA Y HORA DE LA ÚLTIMA TRANSACCIÓN
Fecha y hora de la última transacción 20141221121829.0
008 - CAMPO FIJO DE DESCRIPCIÓN FIJA--INFORMACIÓN GENERAL
Códigos de información de longitud fija   971215m19881988sp ||| | spa d
017 ## - NÚMERO DE REGISTRO DE DERECHOS DE AUTOR Y DEPÓSITO LEGAL
Número de copyright o de depósito legal B. 630-1988 (v. I)
Agencia que asigna el número DL
020 ## - ISBN (INTERNATIONAL STANDARD BOOK NUMBER)
Número Internacional Normalizado para Libros (ISBN) 8439506112
035 ## - NÚMERO DE CONTROL DEL SISTEMA
Número de control del sistema CES19980062806m
040 ## - FUENTE DE CATALOGACIÓN
Centro catalogador de origen ES-MaCES
Lengua de catalogación spa
Centro transcriptor ES-MaCES
245 00 - MENCIÓN DE TÍTULO
Título Diccionario geográfico de Agostini
260 ## - PUBLICACIÓN, DISTRIBUCIÓN, ETC (PIE DE IMPRENTA)
Lugar de publicación, distribución, etc. [Barcelona]
Nombre del editor, distribuidor, etc. Planeta-Agostini
Fecha de publicación, distribución, etc. 1988
300 ## - DESCRIPCIÓN FÍSICA
Extensión 4 v. (1972 p.)
Dimensiones 23 cm
490 1# - MENCIÓN DE SERIE
Mención de serie Grandes obras de consulta
500 ## - NOTA GENERAL
Nota general Donación Hermida
505 1# - NOTA DE CONTENIDO FORMATEADA
Nota de contenido con formato Contiene: v. I. A-DZU. - D.L. B. 630-1988. - ISBN 84-395-0759-3 -- v. II. EAG-LYT. - D.L. B. 10899-1988. - ISBN 84-395-0760-7 -- v. III. LLAB-QYT. - D.L. B. 20697-1988. - ISBN 84-395-0761-5 -- v. IV. RAAB-ZYW. - D.L. B. 32202 -1988. - ISBN 84-395-0762-3
650 #4 - ASIENTO SECUNDARIO DE MATERIA--TÉRMINO DE MATERIA
Término de materia o nombre geográfico como elemento inicial geografía
9 (RLIN) 28773
650 #4 - ASIENTO SECUNDARIO DE MATERIA--TÉRMINO DE MATERIA
Término de materia o nombre geográfico como elemento inicial diccionario
9 (RLIN) 28997
650 #4 - ASIENTO SECUNDARIO DE MATERIA--TÉRMINO DE MATERIA
Término de materia o nombre geográfico como elemento inicial lengua española
9 (RLIN) 30838
653 10 - TÉRMINO DE INDEXACIÓN--NO CONTROLADO
Término no controlado Diccionarios temáticos
830 #0 - ENCABEZAMIENTO SECUNDARIO DE COLECCIÓN--TÍTULO UNIFORME
Título uniforme Grandes obras de consulta
9 (RLIN) 32934
902 ## - CES. TIPO DE DOCUMENTO
Tipodoc (006$c Sirtex) LIB Libro
942 ## - ELEMENTOS KOHA
Fuente de clasificaión o esquema Clasificación propia del CES
Koha [por defecto] tipo de item Monografías
Parte de clasificación 9.3.
Existencias
Número de registro Signatura completa Número de copia Tipo de item de Koha
022926 DPT-10541 0001 Monografías
022927 DPT-10542 0002 Monografías
022928 DPT-10543 0003 Monografías
022929 DPT-10546 0004 Monografías
© CES, Consejo Económico y Social de España 2021